Протокол № 474 заседания Малого Совета Народных Комиссаров от 23 мая 1920 г. и материалы к протоколу. Фотокопия и копия. Подлинн...

Доступно только в Электронных читальных залах Найти на картеНа карте
RUSMARC
00004515nac2a22003131x 450
001daf0d091-f105-4ff4-89db-c723807e0831
00520160401032127.0
100##$a20160114l1920 k y0rusy50 ca
1010#$arus
102##$aRU
105##$ay z |||||
1220#$ad19200513
1222#$ad19200513
$ad19200523
2001#$aПротокол № 474 заседания Малого Совета Народных Комиссаров от 23 мая 1920 г. и материалы к протоколу. Фотокопия и копия. Подлинный за подписью В. И. Ленина
$j13 мая 1920
215##$a118 листов
251##$cДело
300##$aЗаголовок дела на папке: Протокол № 474 заседания Малого Совета Народных Комиссаров от 13 мая 1920 г. и материалы к протоколу. (Подлинный)
300##$aЛисты: 42 - поврежденные; 7, 12, 23, 29, 32, 42, 55, 60, 85, 92, 106 - красные чернила
300##$aРукописный и машинописный текст
324##$aВ деле имеются фотокопия и копия протокола и копии отдельных документов
330##$aВходит в раздел описи: Протоколы Малого Совета Народных Комиссаров. 1920 год
461#0$1001ad6baeac-e292-4829-90d1-2f4f65796a62
$12001
$aСОВЕТ НАРОДНЫХ КОМИССАРОВ РСФСР (СНК РСФСР)
$1251
$cФонд
$1852
$j130
$gР
462#0$10017393eac8-aea5-4181-b014-0a5beab45138
$12001
$a1920 г.
$vД. 691
$1251
$cОпись
$1852
$j4
5171#$aПротокол № 474 заседания Малого Совета Народных Комиссаров от 13 мая 1920 г. и материалы к протоколу. (Подлинный)
600#1$aЛенин
$bВ. И.
$f1870-1924
$gВладимир Ильич
60101$3RU\NLR\AUTH\661074810
$aРСФСР
$bСовет Народных Комиссаров
801#0$aRU
$bGA_RF
801#1$aRU
$bНПО Опыт
$c20160114
$2rusmarc
801#2$aRU
$bПБ им. Б.Н. Ельцина
$c20160401
$gRCR
$2rusmarc
852##$aГА РФ
$j691
937##$d69753553
$hПБ
035##$aRuPRLIB51036521
Формат отображения